Using MATLAB, SIMULINK and Control System Toolbox (Record no. 13132)
[ view plain ]
| 000 -LEADER | |
|---|---|
| fixed length control field | 00645nam a2200205Ia 4500 |
| 003 - CONTROL NUMBER IDENTIFIER | |
| control field | IN-BaIIA |
| 008 - FIXED-LENGTH DATA ELEMENTS--GENERAL INFORMATION | |
| fixed length control field | 211028s9999 xx 000 0 eng d |
| 020 ## - INTERNATIONAL STANDARD BOOK NUMBER | |
| International Standard Book Number | 0-13-261058-2 |
| 040 ## - CATALOGING SOURCE | |
| Transcribing agency | IIA Library |
| 080 ## - UNIVERSAL DECIMAL CLASSIFICATION NUMBER | |
| Universal Decimal Classification number | 519.682 |
| Item number | CAV |
| 100 ## - MAIN ENTRY--PERSONAL NAME | |
| Personal name | Cavallo, A |
| 9 (RLIN) | 23135 |
| 245 #0 - TITLE STATEMENT | |
| Title | Using MATLAB, SIMULINK and Control System Toolbox |
| Remainder of title | a practical approach |
| Statement of responsibility, etc. | A. Cavallo, R. Setola and F. Vasca |
| 260 ## - PUBLICATION, DISTRIBUTION, ETC. | |
| Place of publication, distribution, etc. | London |
| Name of publisher, distributor, etc. | Prentice-Hall |
| Date of publication, distribution, etc. | 1996 |
| 300 ## - PHYSICAL DESCRIPTION | |
| Extent | x, 405p |
| 650 ## - SUBJECT ADDED ENTRY--TOPICAL TERM | |
| Topical term or geographic name entry element | computer programming |
| 650 ## - SUBJECT ADDED ENTRY--TOPICAL TERM | |
| Topical term or geographic name entry element | MATLAB |
| 9 (RLIN) | 20890 |
| 700 ## - ADDED ENTRY--PERSONAL NAME | |
| Personal name | Setola, R. |
| 9 (RLIN) | 23136 |
| 700 ## - ADDED ENTRY--PERSONAL NAME | |
| Personal name | Vasca, F. |
| 9 (RLIN) | 23137 |
| 942 ## - ADDED ENTRY ELEMENTS (KOHA) | |
| Koha item type | Books |
| Withdrawn status | Lost status | Source of classification or shelving scheme | Damaged status | Not for loan | Home library | Current library | Shelving location | Date acquired | Total Checkouts | Total Renewals | Full call number | Barcode | Date last seen | Date last checked out | Price effective from | Koha item type | Purchase Price |
|---|---|---|---|---|---|---|---|---|---|---|---|---|---|---|---|---|---|
| Universal Decimal Classification | IIA Library-Bangalore | IIA Library-Bangalore | General Stacks | 2 | 1 | 519.682/CAV | 14049 | 19/10/2024 | 27/07/2023 | Books |